00710nam a2200157 a 4500001000400000003000900004008004100013040002800054082001700082100002300099245001900122260004500141300001500186505033400201650001700535273CO-ViMGA141112s2004 ck r 000 u spa d aCO-ViMGAbspacCO-ViMGA04a617.522 R1761 aRaspall, Guillermo10aCirugía oral aMadrid : bMedica PanAméricana, c1994 a396 p : il aEvaluación y manejo del paciente en cirugía oral 1 - - Anestesia local y regional 23 - - El acto quirúrgico 51 - - Exodoncia simple y complicada 99 - - Cirugía de las retenciones dentarias 143 - - Cirugía ortodóncica 187 - - Cirugía prepotesica 213 - - Cirugía en implantes 239 - - Infecciones odontógenas 321 14aCIRUGIA ORAL